=LDR 00000nam 2200000 4500 =001 INLIS000000000039510 =005 20210614093241 =035 ##$$a 0010-061300000039510 =008 210614################g##########0#ind## =041 ##$$a Ind =082 ##$$a 347.016 =090 ##$$a 347.016, Ser s =245 ##$$a 100 Tahun Ikatan Notaris Indonesia : Jati Diri Notaris Indonesia Dulu, Sekarang, dan Dimasa Datang/Pengurus Pusat Ikatan Notaris Indonesia /$c Editor,Anke Dwi Saputro =260 ##$$a Jakarta :$b Gramedia pustaka utama,$c 2009 =300 ##$$a 272 Hlm, 24 Cm ; $c 24 x 15 cm =700 #$$a Saputro, Anke Dwi =850 ##$$a NBPNMAT =020 ##$$a 978-979-22-3902-7 =084 ##$$a 347.016 SAT =250 ##$$a cet.1 =650 #4$$a Notaris Indonesia =990 ##$$a 0001/BPAP-NTB/20142014 =990 ##$$a 0001/BPAP-NTB/20142014 =990 ##$$a 0001/BPAP-NTB/20142015 =990 ##$$a 2090101345/BPAP-NTB/2015 =990 ##$$a 2110655314 =990 ##$$a 0001/BPAP-NTB/20142014 =990 ##$$a 21106552 =990 ##$$a 2110655314